Central Library OPAC University of Rajshahi

Conversion and the poll tax in early Islam / (Record no. 59448)

MARC details
000 -LEADER
fixed length control field 00929nam a2200277 a 4500
001 - CONTROL NUMBER
control field 59448
003 - CONTROL NUMBER IDENTIFIER
rucl marc code BD-RjUL
005 - DATE AND TIME OF LATEST TRANSACTION
control field 20211209080731.0
008 - FIXED-LENGTH DATA ELEMENTS--GENERAL INFORMATION
fixed length control field 161224s1950 mau b 001 0 eng d
035 ## - SYSTEM CONTROL NUMBER
System control number (BD-RjUL)59572
040 ## - CATALOGING SOURCE
Original cataloging agency BD-RjUL
Transcribing agency BD-RjUL
Modifying agency BD-RjUL
Language of cataloging eng
041 ## - LANGUAGE CODE
Language code of text/sound track or separate title eng
082 ## - DEWEY DECIMAL CLASSIFICATION NUMBER
Classification number 336.2
Edition number 23
Author mark and year DEC 1950
100 1# - MAIN ENTRY--PERSONAL NAME
Personal name Dennett, Daniel C.
Fuller form of name (Daniel Clement),
Dates associated with a name 1910-1947
9 (RLIN) 176804
245 10 - TITLE STATEMENT
Title Conversion and the poll tax in early Islam /
Statement of responsibility, etc. Daniel Clement Dennett
260 ## - PUBLICATION, DISTRIBUTION, ETC. (IMPRINT)
Place of publication, distribution, etc. Cambridge :
Name of publisher, distributor, etc. Harvard University Press,
Date of publication, distribution, etc. 1950
300 ## - PHYSICAL DESCRIPTION
Pagination xi, 136 p.
Size 21 cm
490 1# - SERIES STATEMENT
Series statement Harvard historical monographs ;
Volume/sequential designation 22
504 ## - BIBLIOGRAPHY, ETC. NOTE
Bibliography, etc Bibliography: p. [129]-132 and index
650 #0 - SUBJECT ADDED ENTRY--TOPICAL TERM
Topical term or geographic name as entry element Taxation
Geographic subdivision Islamic Empire
9 (RLIN) 176805
Topical term or geographic name as entry element Taxation
Geographic subdivision Iraq
9 (RLIN) 176806
Topical term or geographic name as entry element Poll tax
Geographic subdivision Islamic Empire
9 (RLIN) 176807
Topical term or geographic name as entry element Muslim converts
9 (RLIN) 176808
830 #0 - SERIES ADDED ENTRY--UNIFORM TITLE
Uniform title Harvard historical monographs ;
Volume number/sequential designation 22.
942 ## - ADDED ENTRY ELEMENTS (KOHA)
Source of classification or shelving scheme Dewey Decimal Classification
Koha item type Books
Holdings
Lost status Source of classification or shelving scheme Damaged status Not for loan Collection code Permanent Location Current Location Shelving location Date acquired Source of acquisition Cost, normal purchase price Total Checkouts Full call number Date last seen Copy number Koha item type
  Dewey Decimal Classification   Not For Loan Non-fiction Central Library, University of Rajshahi Central Library, University of Rajshahi Reading Room 14/11/1964 Dacca, A. I. Qrichi 12.00   336.2 DEC 1950 24/12/2016 C-1 Books